00333nam a2200085Ia 4500008004100000082001500041100002600056245015000082260001500232230320s9999||||xx |||||||||||||| ||spa|| aTMG/2019/3 aSoria Piña, Mariano 0aCompromiso Organizacional Y Motivación Laboral En Docentes De Tres Instituciones Educativas Por Convenio Del Distrito De San Juan De Lurigancho bLima, 2019